[Event "ODJM A 2023"]
[Site "Willingen GER"]
[Date "2023.05.29"]
[Round "3"]
[White "Ruddat, Jarne"]
[Black "Zobel, Christian"]
[Result "1/2-1/2"]
[Termination "normal"]
[Board "32"]
[WhiteElo "1846"]
[BlackElo "1633"]
[WhiteClock "00:23:18"]
[BlackClock "00:41:12"]
[PlyCount "46"]
[WhiteFideId "16254236"]
[BlackFideId "16259068"]
[EventCountry "GER"]
[EventRounds "9"]
[EventType "swiss"]
[EventDate "2023.05.27"]

1. e4 {[%clk 01:30:58]} {[%emt 00:00:02]} d5 {[%clk 01:30:54]} {[%emt
00:00:10]} 2. exd5 {[%clk 01:31:18]} {[%emt 00:00:16]} Qxd5 {[%clk 01:31:18]}
{[%emt 00:00:12]} 3. Nc3 {[%clk 01:31:42]} {[%emt 00:00:09]} Qd6 {[%clk
01:31:42]} {[%emt 00:00:08]} 4. Bc4 {[%clk 01:31:27]} {[%emt 00:00:42]} Nf6
{[%clk 01:31:45]} {[%emt 00:00:18]} 5. d3 {[%clk 01:27:07]} {[%emt 00:04:42]}
a6 {[%clk 01:28:44]} {[%emt 00:03:31]} 6. Be3 {[%clk 01:20:39]} {[%emt
00:06:58]} Nc6 {[%clk 01:22:35]} {[%emt 00:06:39]} 7. Qd2 {[%clk 01:11:42]}
{[%emt 00:09:27]} e5 {[%clk 01:19:26]} {[%emt 00:03:39]} 8. Nf3 {[%clk
01:03:14]} {[%emt 00:08:59]} Be6 {[%clk 01:15:11]} {[%emt 00:04:44]} 9. Bxe6
{[%clk 01:01:11]} {[%emt 00:02:33]} Qxe6 {[%clk 01:13:29]} {[%emt 00:02:12]}
10. O-O {[%clk 00:57:59]} {[%emt 00:03:42]} h6 {[%clk 01:09:20]} {[%emt
00:04:39]} 11. Rfe1 {[%clk 00:50:24]} {[%emt 00:08:04]} O-O-O {[%clk 01:05:59]}
{[%emt 00:03:51]} 12. Bf4 {[%clk 00:42:03]} {[%emt 00:08:52]} Bd6 {[%clk
01:01:37]} {[%emt 00:04:52]} 13. d4 {[%clk 00:37:41]} {[%emt 00:04:53]} Qf5
{[%clk 00:57:21]} {[%emt 00:04:45]} 14. Be3 {[%clk 00:31:15]} {[%emt 00:06:56]}
exd4 {[%clk 00:56:05]} {[%emt 00:01:47]} 15. Bxd4 {[%clk 00:30:38]} {[%emt
00:01:07]} Nxd4 {[%clk 00:54:38]} {[%emt 00:01:57]} 16. Nxd4 {[%clk 00:30:56]}
{[%emt 00:00:11]} Qh5 {[%clk 00:54:59]} {[%emt 00:00:09]} 17. f4 {[%clk
00:29:19]} {[%emt 00:02:07]} g5 {[%clk 00:46:39]} {[%emt 00:08:50]} 18. Nce2
{[%clk 00:27:04]} {[%emt 00:02:46]} gxf4 {[%clk 00:44:08]} {[%emt 00:03:01]}
19. Nf3 {[%clk 00:23:42]} {[%emt 00:03:52]} Bc5+ {[%clk 00:44:27]} {[%emt
00:00:11]} 20. Ned4 {[%clk 00:24:07]} {[%emt 00:00:06]} Bxd4+ {[%clk 00:44:22]}
{[%emt 00:00:34]} 21. Nxd4 {[%clk 00:24:30]} {[%emt 00:00:07]} f3 {[%clk
00:42:22]} {[%emt 00:02:30]} 22. Qf4 {[%clk 00:23:36]} {[%emt 00:01:25]} Qg4
{[%clk 00:40:45]} {[%emt 00:02:06]} 23. Qxg4+ {[%clk 00:23:18]} {[%emt
00:00:50]} Nxg4 {[%clk 00:41:12]} {[%emt 00:00:02]} 1/2-1/2

[Event "ODJM A 2023"]
[Site "Willingen GER"]
[Date "2023.05.30"]
[Round "4"]
[White "Yelisieiev, Yevhenii"]
[Black "Sabirov, Rafael"]
[Result "1-0"]
[Termination "normal"]
[Board "1"]
[WhiteTitle "IM"]
[WhiteElo "2418"]
[BlackElo "2089"]
[WhiteClock "00:18:56"]
[BlackClock "00:18:00"]
[PlyCount "59"]
[WhiteFideId "14139642"]
[BlackFideId "16241185"]
[EventCountry "GER"]
[EventRounds "9"]
[EventType "swiss"]
[EventDate "2023.05.27"]

1. d4 {[%clk 01:30:56]} {[%emt 00:00:03]} Nf6 {[%clk 01:30:56]} {[%emt
00:00:04]} 2. c4 {[%clk 01:31:18]} {[%emt 00:00:08]} c5 {[%clk 01:31:22]}
{[%emt 00:00:04]} 3. d5 {[%clk 01:31:42]} {[%emt 00:00:06]} b5 {[%clk
01:31:48]} {[%emt 00:00:04]} 4. Qc2 {[%clk 01:31:26]} {[%emt 00:00:45]} b4
{[%clk 01:31:17]} {[%emt 00:01:02]} 5. e4 {[%clk 01:30:45]} {[%emt 00:01:11]}
d6 {[%clk 01:31:14]} {[%emt 00:00:33]} 6. f4 {[%clk 01:30:07]} {[%emt
00:01:07]} e6 {[%clk 01:23:48]} {[%emt 00:07:57]} 7. Nf3 {[%clk 01:19:12]}
{[%emt 00:11:25]} Be7 {[%clk 01:15:54]} {[%emt 00:08:24]} 8. Bd3 {[%clk
01:11:59]} {[%emt 00:07:42]} h5 {[%clk 01:13:19]} {[%emt 00:03:06]} 9. e5
{[%clk 01:04:47]} {[%emt 00:07:42]} Nxd5 {[%clk 00:59:10]} {[%emt 00:14:39]}
10. cxd5 {[%clk 01:04:12]} {[%emt 00:01:05]} exd5 {[%clk 00:59:30]} {[%emt
00:00:10]} 11. O-O {[%clk 01:01:08]} {[%emt 00:03:34]} dxe5 {[%clk 00:50:16]}
{[%emt 00:09:44]} 12. fxe5 {[%clk 00:55:38]} {[%emt 00:05:59]} Qb6 {[%clk
00:44:15]} {[%emt 00:06:32]} 13. Be3 {[%clk 00:54:34]} {[%emt 00:01:33]} Bb7
{[%clk 00:42:19]} {[%emt 00:02:27]} 14. Qf2 {[%clk 00:47:36]} {[%emt 00:07:27]}
Nd7 {[%clk 00:33:11]} {[%emt 00:09:38]} 15. Nbd2 {[%clk 00:44:47]} {[%emt
00:03:20]} O-O-O {[%clk 00:26:33]} {[%emt 00:07:07]} 16. a4 {[%clk 00:43:41]}
{[%emt 00:01:37]} a5 {[%clk 00:24:49]} {[%emt 00:02:15]} 17. Rac1 {[%clk
00:41:43]} {[%emt 00:02:27]} Kb8 {[%clk 00:23:20]} {[%emt 00:01:59]} 18. Bb5
{[%clk 00:31:22]} {[%emt 00:10:51]} d4 {[%clk 00:21:13]} {[%emt 00:02:36]} 19.
Bf4 {[%clk 00:31:03]} {[%emt 00:00:50]} Ka8 {[%clk 00:19:59]} {[%emt 00:01:44]}
20. Nc4 {[%clk 00:27:05]} {[%emt 00:04:27]} Qa7 {[%clk 00:20:20]} {[%emt
00:00:09]} 21. e6 {[%clk 00:24:58]} {[%emt 00:02:38]} Nf6 {[%clk 00:18:55]}
{[%emt 00:01:55]} 22. Bc7 {[%clk 00:24:18]} {[%emt 00:01:10]} Nd5 {[%clk
00:18:07]} {[%emt 00:01:18]} 23. Bxd8 {[%clk 00:23:58]} {[%emt 00:00:50]} Rxd8
{[%clk 00:18:22]} {[%emt 00:00:15]} 24. exf7 {[%clk 00:24:03]} {[%emt
00:00:25]} Nf6 {[%clk 00:16:42]} {[%emt 00:02:09]} 25. Nfe5 {[%clk 00:22:39]}
{[%emt 00:01:54]} Ne4 {[%clk 00:16:27]} {[%emt 00:00:45]} 26. f8=Q {[%clk
00:18:52]} {[%emt 00:04:17]} Bxf8 {[%clk 00:16:47]} {[%emt 00:00:11]} 27. Qxf8
{[%clk 00:18:29]} {[%emt 00:00:53]} Rxf8 {[%clk 00:17:11]} {[%emt 00:00:06]}
28. Rxf8+ {[%clk 00:18:55]} {[%emt 00:00:04]} Bc8 {[%clk 00:17:35]} {[%emt
00:00:06]} 29. Rxc8+ {[%clk 00:18:55]} {[%emt 00:00:30]} Kb7 {[%clk 00:18:00]}
{[%emt 00:00:05]} 30. Re8 {[%clk 00:18:56]} {[%emt 00:00:28]} 1-0

[Event "ODJM A 2023"]
[Site "Willingen GER"]
[Date "2023.05.30"]
[Round "4"]
[White "Bold, André"]
[Black "Sabirov, Ramil"]
[Result "1-0"]
[Termination "normal"]
[Board "2"]
[WhiteElo "2194"]
[BlackElo "2109"]
[WhiteClock "00:35:19"]
[BlackClock "00:16:02"]
[PlyCount "104"]
[WhiteFideId "16208471"]
[BlackFideId "12900303"]
[EventCountry "GER"]
[EventRounds "9"]
[EventType "swiss"]
[EventDate "2023.05.27"]

1. Nf3 {[%clk 01:30:58]} {[%emt 00:00:01]} c5 {[%clk 01:29:43]} {[%emt
00:01:17]} 2. c3 {[%clk 01:31:24]} {[%emt 00:00:04]} d5 {[%clk 01:28:26]}
{[%emt 00:01:48]} 3. d4 {[%clk 01:31:50]} {[%emt 00:00:04]} Nf6 {[%clk
01:26:51]} {[%emt 00:02:05]} 4. e3 {[%clk 01:32:13]} {[%emt 00:00:07]} g6
{[%clk 01:23:07]} {[%emt 00:04:14]} 5. dxc5 {[%clk 01:32:34]} {[%emt 00:00:10]}
Bg7 {[%clk 01:21:03]} {[%emt 00:02:33]} 6. b4 {[%clk 01:31:56]} {[%emt
00:01:08]} a5 {[%clk 01:19:32]} {[%emt 00:02:01]} 7. Bb2 {[%clk 01:26:09]}
{[%emt 00:06:17]} O-O {[%clk 01:06:22]} {[%emt 00:13:40]} 8. Nbd2 {[%clk
01:23:57]} {[%emt 00:02:42]} b6 {[%clk 01:00:42]} {[%emt 00:06:11]} 9. cxb6
{[%clk 01:12:06]} {[%emt 00:12:21]} Qxb6 {[%clk 01:00:48]} {[%emt 00:00:23]}
10. b5 {[%clk 01:11:59]} {[%emt 00:00:37]} a4 {[%clk 00:47:17]} {[%emt
00:14:02]} 11. c4 {[%clk 01:09:37]} {[%emt 00:02:53]} Bg4 {[%clk 00:34:45]}
{[%emt 00:13:01]} 12. h3 {[%clk 01:05:12]} {[%emt 00:04:54]} Bxf3 {[%clk
00:33:12]} {[%emt 00:02:03]} 13. gxf3 {[%clk 01:05:39]} {[%emt 00:00:03]} Nbd7
{[%clk 00:22:46]} {[%emt 00:10:56]} 14. Rc1 {[%clk 00:57:30]} {[%emt 00:08:39]}
Rfd8 {[%clk 00:20:12]} {[%emt 00:03:04]} 15. Bd4 {[%clk 00:52:22]} {[%emt
00:05:37]} Nc5 {[%clk 00:17:24]} {[%emt 00:03:20]} 16. cxd5 {[%clk 00:49:16]}
{[%emt 00:03:35]} Rac8 {[%clk 00:14:14]} {[%emt 00:03:40]} 17. Nc4 {[%clk
00:35:08]} {[%emt 00:14:39]} Qxb5 {[%clk 00:14:05]} {[%emt 00:00:39]} 18. Rb1
{[%clk 00:35:30]} {[%emt 00:00:08]} Qa6 {[%clk 00:06:48]} {[%emt 00:07:46]} 19.
d6 {[%clk 00:34:07]} {[%emt 00:01:53]} exd6 {[%clk 00:05:50]} {[%emt 00:01:29]}
20. Nb6 {[%clk 00:28:25]} {[%emt 00:06:12]} Qa5+ {[%clk 00:05:13]} {[%emt
00:01:07]} 21. Qd2 {[%clk 00:28:50]} {[%emt 00:00:05]} Qxd2+ {[%clk 00:05:26]}
{[%emt 00:00:16]} 22. Kxd2 {[%clk 00:29:16]} {[%emt 00:00:04]} Rb8 {[%clk
00:05:04]} {[%emt 00:00:52]} 23. Bd3 {[%clk 00:25:22]} {[%emt 00:04:24]} Rb7
{[%clk 00:01:15]} {[%emt 00:04:20]} 24. Nc4 {[%clk 00:24:33]} {[%emt 00:01:19]}
Rc7 {[%clk 00:01:11]} {[%emt 00:00:33]} 25. Rhc1 {[%clk 00:23:50]} {[%emt
00:01:12]} Nxd3 {[%clk 00:00:50]} {[%emt 00:00:52]} 26. Kxd3 {[%clk 00:24:16]}
{[%emt 00:00:04]} Rdc8 {[%clk 00:01:02]} {[%emt 00:00:19]} 27. Rc2 {[%clk
00:16:56]} {[%emt 00:07:49]} Nd7 {[%clk 00:00:59]} {[%emt 00:00:33]} 28. Rbc1
{[%clk 00:15:45]} {[%emt 00:01:42]} d5 {[%clk 00:00:57]} {[%emt 00:00:33]} 29.
Nd6 {[%clk 00:12:09]} {[%emt 00:04:04]} Rxc2 {[%clk 00:01:19]} {[%emt
00:00:08]} 30. Rxc2 {[%clk 00:12:36]} {[%emt 00:00:03]} Rxc2 {[%clk 00:01:34]}
{[%emt 00:00:15]} 31. Kxc2 {[%clk 00:13:03]} {[%emt 00:00:04]} Bf8 {[%clk
00:00:41]} {[%emt 00:01:23]} 32. Nb5 {[%clk 00:13:14]} {[%emt 00:00:18]} Bb4
{[%clk 00:00:36]} {[%emt 00:00:35]} 33. Nc3 {[%clk 00:13:24]} {[%emt 00:00:19]}
Nb8 {[%clk 00:00:44]} {[%emt 00:00:22]} 34. Nxd5 {[%clk 00:13:12]} {[%emt
00:00:42]} Be1 {[%clk 00:01:10]} {[%emt 00:00:05]} 35. Nf6+ {[%clk 00:12:55]}
{[%emt 00:00:46]} Kf8 {[%clk 00:01:15]} {[%emt 00:00:25]} 36. Nxh7+ {[%clk
00:13:14]} {[%emt 00:00:10]} Ke7 {[%clk 00:01:41]} {[%emt 00:00:05]} 37. e4
{[%clk 00:13:04]} {[%emt 00:00:40]} Nc6 {[%clk 00:01:41]} {[%emt 00:00:30]} 38.
Bc5+ {[%clk 00:13:19]} {[%emt 00:00:15]} Ke6 {[%clk 00:01:37]} {[%emt
00:00:34]} 39. Ng5+ {[%clk 00:13:03]} {[%emt 00:00:45]} Kf6 {[%clk 00:02:03]}
{[%emt 00:00:04]} 40. f4 {[%clk 00:12:53]} {[%emt 00:00:40]} Bb4 {[%clk
00:01:49]} {[%emt 00:00:45]} 41. Be3 {[%clk 00:12:15]} {[%emt 00:01:07]} Ba3
{[%clk 00:29:39]} {[%emt 00:02:42]} 42. Bd2 {[%clk 00:39:40]} {[%emt 00:03:05]}
Bc5 {[%clk 00:21:18]} {[%emt 00:08:51]} 43. f3 {[%clk 00:37:12]} {[%emt
00:02:57]} Nb4+ {[%clk 00:18:18]} {[%emt 00:03:29]} 44. Bxb4 {[%clk 00:37:26]}
{[%emt 00:00:15]} Bxb4 {[%clk 00:18:42]} {[%emt 00:00:07]} 45. Kd3 {[%clk
00:34:23]} {[%emt 00:03:33]} Bd6 {[%clk 00:18:40]} {[%emt 00:00:32]} 46. e5+
{[%clk 00:34:03]} {[%emt 00:00:50]} Bxe5 {[%clk 00:19:03]} {[%emt 00:00:07]}
47. Nh7+ {[%clk 00:34:24]} {[%emt 00:00:09]} Kg7 {[%clk 00:15:33]} {[%emt
00:04:00]} 48. fxe5 {[%clk 00:34:50]} {[%emt 00:00:04]} Kxh7 {[%clk 00:16:00]}
{[%emt 00:00:03]} 49. Ke4 {[%clk 00:34:44]} {[%emt 00:00:36]} Kh6 {[%clk
00:16:24]} {[%emt 00:00:06]} 50. f4 {[%clk 00:34:44]} {[%emt 00:00:29]} Kh5
{[%clk 00:15:12]} {[%emt 00:01:42]} 51. f5 {[%clk 00:35:09]} {[%emt 00:00:05]}
Kg5 {[%clk 00:15:36]} {[%emt 00:00:06]} 52. fxg6 {[%clk 00:35:19]} {[%emt
00:00:20]} Kxg6 {[%clk 00:16:02]} {[%emt 00:00:04]} 1-0

[Event "ODJM A 2023"]
[Site "Willingen GER"]
[Date "2023.05.30"]
[Round "4"]
[White "Stemmler, Fabian"]
[Black "Kruse, Victor"]
[Result "1/2-1/2"]
[Termination "normal"]
[Board "3"]
[WhiteElo "2084"]
[BlackElo "1964"]
[WhiteClock "01:31:11"]
[BlackClock "01:30:39"]
[PlyCount "40"]
[WhiteFideId "12964808"]
[BlackFideId "16256964"]
[EventCountry "GER"]
[EventRounds "9"]
[EventType "swiss"]
[EventDate "2023.05.27"]

1. e4 {[%clk 01:30:57]} {[%emt 00:00:03]} c6 {[%clk 01:30:39]} {[%emt
00:00:21]} 2. Nf3 {[%clk 01:31:11]} d5 {[%clk 01:30:39]} 3. Nc3 {[%clk
01:31:11]} Bg4 {[%clk 01:30:39]} 4. h3 {[%clk 01:31:11]} Bxf3 {[%clk 01:30:39]}
5. Qxf3 {[%clk 01:31:11]} e6 {[%clk 01:30:39]} 6. Be2 {[%clk 01:31:11]} Bc5
{[%clk 01:30:39]} 7. O-O {[%clk 01:31:11]} Nd7 {[%clk 01:30:39]} 8. exd5 {[%clk
01:31:11]} exd5 {[%clk 01:30:39]} 9. Re1 {[%clk 01:31:11]} Ne7 {[%clk
01:30:39]} 10. Na4 {[%clk 01:31:11]} Bd6 {[%clk 01:30:39]} 11. d4 {[%clk
01:31:11]} Qa5 {[%clk 01:30:39]} 12. Nc3 {[%clk 01:31:11]} O-O {[%clk
01:30:39]} 13. Bd3 {[%clk 01:31:11]} Rae8 {[%clk 01:30:39]} 14. Be3 {[%clk
01:31:11]} Qc7 {[%clk 01:30:39]} 15. Ne2 {[%clk 01:31:11]} Ng6 {[%clk
01:30:39]} 16. g3 {[%clk 01:31:11]} Nf6 {[%clk 01:30:39]} 17. h4 {[%clk
01:31:11]} Ne4 {[%clk 01:30:39]} 18. h5 {[%clk 01:31:11]} Nh8 {[%clk 01:30:39]}
19. h6 {[%clk 01:31:11]} f5 {[%clk 01:30:39]} 20. hxg7 {[%clk 01:31:11]} Qxg7
{[%clk 01:30:39]} 1/2-1/2

[Event "ODJM A 2023"]
[Site "Willingen GER"]
[Date "2023.05.30"]
[Round "4"]
[White "Weidemann, Jakob"]
[Black "Grunert, Friedrich"]
[Result "1-0"]
[Termination "normal"]
[Board "4"]
[WhiteElo "2125"]
[BlackElo "1975"]
[WhiteClock "01:00:58"]
[BlackClock "00:35:26"]
[PlyCount "81"]
[WhiteFideId "16255470"]
[BlackFideId "12995592"]
[EventCountry "GER"]
[EventRounds "9"]
[EventType "swiss"]
[EventDate "2023.05.27"]

1. e4 {[%clk 01:30:56]} {[%emt 00:00:03]} e6 {[%clk 01:30:21]} {[%emt
00:00:39]} 2. d4 {[%clk 01:31:16]} {[%emt 00:00:10]} d5 {[%clk 01:30:49]}
{[%emt 00:00:03]} 3. Nd2 {[%clk 01:31:33]} {[%emt 00:00:12]} Nc6 {[%clk
01:31:16]} {[%emt 00:00:04]} 4. Ngf3 {[%clk 01:31:46]} {[%emt 00:00:16]} Nf6
{[%clk 01:31:43]} {[%emt 00:00:03]} 5. e5 {[%clk 01:32:03]} {[%emt 00:00:13]}
Nd7 {[%clk 01:32:10]} {[%emt 00:00:03]} 6. Nb3 {[%clk 01:32:20]} {[%emt
00:00:14]} a5 {[%clk 01:32:26]} {[%emt 00:00:13]} 7. a4 {[%clk 01:32:29]}
{[%emt 00:00:20]} Be7 {[%clk 01:32:32]} {[%emt 00:00:24]} 8. c3 {[%clk
01:31:48]} {[%emt 00:01:11]} b6 {[%clk 01:30:46]} {[%emt 00:02:17]} 9. h4
{[%clk 01:30:46]} {[%emt 00:01:30]} Ba6 {[%clk 01:27:59]} {[%emt 00:03:19]} 10.
h5 {[%clk 01:28:29]} {[%emt 00:02:46]} Bxf1 {[%clk 01:27:47]} {[%emt 00:00:42]}
11. Kxf1 {[%clk 01:28:45]} {[%emt 00:00:13]} f6 {[%clk 01:24:49]} {[%emt
00:03:30]} 12. exf6 {[%clk 01:26:56]} {[%emt 00:02:19]} Bxf6 {[%clk 01:22:01]}
{[%emt 00:03:18]} 13. Qe2 {[%clk 01:26:30]} {[%emt 00:00:55]} Qe7 {[%clk
01:09:42]} {[%emt 00:12:49]} 14. Bf4 {[%clk 01:26:29]} {[%emt 00:00:31]} O-O
{[%clk 01:05:14]} {[%emt 00:04:58]} 15. Bxc7 {[%clk 01:23:48]} {[%emt
00:03:11]} e5 {[%clk 01:05:18]} {[%emt 00:00:27]} 16. dxe5 {[%clk 01:23:50]}
{[%emt 00:00:28]} Ndxe5 {[%clk 01:05:14]} {[%emt 00:00:34]} 17. Bxe5 {[%clk
01:19:43]} {[%emt 00:04:37]} Nxe5 {[%clk 01:05:31]} {[%emt 00:00:12]} 18. Nxe5
{[%clk 01:20:05]} {[%emt 00:00:08]} Bxe5 {[%clk 01:05:45]} {[%emt 00:00:14]}
19. Re1 {[%clk 01:17:19]} {[%emt 00:03:17]} Rae8 {[%clk 01:04:26]} {[%emt
00:01:49]} 20. Rh3 {[%clk 01:16:07]} {[%emt 00:01:43]} Qd7 {[%clk 01:01:42]}
{[%emt 00:03:15]} 21. Qb5 {[%clk 01:00:28]} {[%emt 00:16:08]} Qxb5+ {[%clk
01:01:25]} {[%emt 00:00:48]} 22. axb5 {[%clk 01:00:48]} {[%emt 00:00:09]} a4
{[%clk 00:45:44]} {[%emt 00:16:11]} 23. Rhe3 {[%clk 00:59:12]} {[%emt
00:02:05]} Bxc3 {[%clk 00:44:02]} {[%emt 00:02:13]} 24. Rxe8 {[%clk 00:59:28]}
{[%emt 00:00:14]} Bxe1 {[%clk 00:44:28]} {[%emt 00:00:05]} 25. Rxf8+ {[%clk
00:59:43]} {[%emt 00:00:15]} Kxf8 {[%clk 00:44:55]} {[%emt 00:00:03]} 26. Kxe1
{[%clk 00:59:54]} {[%emt 00:00:18]} axb3 {[%clk 00:45:21]} {[%emt 00:00:04]}
27. Ke2 {[%clk 01:00:07]} {[%emt 00:00:17]} Ke7 {[%clk 00:33:59]} {[%emt
00:11:53]} 28. Ke3 {[%clk 00:58:43]} {[%emt 00:01:54]} Ke6 {[%clk 00:33:03]}
{[%emt 00:01:26]} 29. Kd4 {[%clk 00:59:03]} {[%emt 00:00:09]} g5 {[%clk
00:33:07]} {[%emt 00:00:26]} 30. hxg6 {[%clk 00:59:12]} {[%emt 00:00:21]} hxg6
{[%clk 00:33:34]} {[%emt 00:00:03]} 31. f4 {[%clk 00:59:03]} {[%emt 00:00:38]}
Kf5 {[%clk 00:31:52]} {[%emt 00:02:13]} 32. Kxd5 {[%clk 00:59:26]} {[%emt
00:00:08]} Kxf4 {[%clk 00:32:16]} {[%emt 00:00:06]} 33. Kc6 {[%clk 00:59:44]}
{[%emt 00:00:12]} Ke3 {[%clk 00:32:40]} {[%emt 00:00:06]} 34. Kxb6 {[%clk
00:59:54]} {[%emt 00:00:19]} Kd2 {[%clk 00:33:07]} {[%emt 00:00:03]} 35. Kc5
{[%clk 00:59:53]} {[%emt 00:00:31]} Kc1 {[%clk 00:33:32]} {[%emt 00:00:05]} 36.
b6 {[%clk 01:00:13]} {[%emt 00:00:10]} Kxb2 {[%clk 00:33:56]} {[%emt 00:00:06]}
37. b7 {[%clk 01:00:34]} {[%emt 00:00:09]} Kc2 {[%clk 00:34:10]} {[%emt
00:00:16]} 38. b8=Q {[%clk 01:00:52]} {[%emt 00:00:11]} b2 {[%clk 00:34:38]}
{[%emt 00:00:03]} 39. g4 {[%clk 01:00:36]} {[%emt 00:00:45]} b1=Q {[%clk
00:34:58]} {[%emt 00:00:11]} 40. Qxb1+ {[%clk 01:00:58]} {[%emt 00:00:08]} Kxb1
{[%clk 00:35:26]} {[%emt 00:00:03]} 41. Kd5 {[%clk 01:00:58]} {[%emt 00:00:29]}
1-0

[Event "ODJM A 2023"]
[Site "Willingen GER"]
[Date "2023.05.30"]
[Round "4"]
[White "Beyer, Lorenz"]
[Black "Koll, Linus"]
[Result "1/2-1/2"]
[Termination "normal"]
[Board "6"]
[WhiteElo "1915"]
[BlackElo "2084"]
[WhiteClock "01:14:23"]
[BlackClock "00:16:21"]
[PlyCount "53"]
[WhiteFideId "16245393"]
[BlackFideId "12990299"]
[EventCountry "GER"]
[EventRounds "9"]
[EventType "swiss"]
[EventDate "2023.05.27"]

1. d4 {[%clk 01:30:54]} {[%emt 00:00:06]} Nf6 {[%clk 01:30:57]} {[%emt
00:00:04]} 2. Bf4 {[%clk 01:31:18]} {[%emt 00:00:05]} d5 {[%clk 01:31:21]}
{[%emt 00:00:06]} 3. e3 {[%clk 01:31:44]} {[%emt 00:00:04]} c5 {[%clk
01:31:27]} {[%emt 00:00:25]} 4. c3 {[%clk 01:32:10]} {[%emt 00:00:02]} Nc6
{[%clk 01:31:43]} {[%emt 00:00:14]} 5. Nf3 {[%clk 01:32:35]} {[%emt 00:00:04]}
Qb6 {[%clk 01:30:21]} {[%emt 00:01:54]} 6. Qc2 {[%clk 01:32:46]} {[%emt
00:00:18]} g6 {[%clk 01:30:09]} {[%emt 00:00:40]} 7. Nbd2 {[%clk 01:33:12]}
{[%emt 00:00:05]} Bf5 {[%clk 01:30:04]} {[%emt 00:00:34]} 8. dxc5 {[%clk
01:33:38]} {[%emt 00:00:05]} Qxc5 {[%clk 01:15:00]} {[%emt 00:15:35]} 9. Qb3
{[%clk 01:33:39]} {[%emt 00:00:29]} Qb6 {[%clk 00:59:00]} {[%emt 00:16:30]} 10.
Qxb6 {[%clk 01:33:18]} {[%emt 00:00:50]} axb6 {[%clk 00:59:25]} {[%emt
00:00:06]} 11. Bb5 {[%clk 01:33:27]} {[%emt 00:00:19]} Bg7 {[%clk 00:54:34]}
{[%emt 00:05:22]} 12. Ne5 {[%clk 01:25:23]} {[%emt 00:08:34]} Bd7 {[%clk
00:54:20]} {[%emt 00:00:45]} 13. Nxd7 {[%clk 01:25:37]} {[%emt 00:00:16]} Nxd7
{[%clk 00:51:49]} {[%emt 00:03:02]} 14. O-O {[%clk 01:25:18]} {[%emt 00:00:47]}
h5 {[%clk 00:35:45]} {[%emt 00:16:35]} 15. h3 {[%clk 01:23:18]} {[%emt
00:02:29]} Bh6 {[%clk 00:32:58]} {[%emt 00:03:17]} 16. Bxh6 {[%clk 01:23:01]}
{[%emt 00:00:47]} Rxh6 {[%clk 00:33:24]} {[%emt 00:00:04]} 17. e4 {[%clk
01:22:47]} {[%emt 00:00:46]} dxe4 {[%clk 00:32:23]} {[%emt 00:01:30]} 18. Nxe4
{[%clk 01:22:45]} {[%emt 00:00:32]} Nc5 {[%clk 00:32:20]} {[%emt 00:00:34]} 19.
Rfe1 {[%clk 01:22:05]} {[%emt 00:01:08]} Nxe4 {[%clk 00:28:14]} {[%emt
00:04:38]} 20. Rxe4 {[%clk 01:22:19]} {[%emt 00:00:16]} Kf8 {[%clk 00:24:36]}
{[%emt 00:04:07]} 21. a3 {[%clk 01:20:37]} {[%emt 00:02:12]} Rc8 {[%clk
00:22:40]} {[%emt 00:02:28]} 22. Rae1 {[%clk 01:20:08]} {[%emt 00:00:57]} Rc7
{[%clk 00:22:34]} {[%emt 00:00:37]} 23. Rd1 {[%clk 01:20:00]} {[%emt 00:00:37]}
Kg7 {[%clk 00:20:38]} {[%emt 00:02:26]} 24. Rde1 {[%clk 01:17:44]} {[%emt
00:02:47]} e6 {[%clk 00:18:39]} {[%emt 00:02:28]} 25. Rd1 {[%clk 01:17:12]}
{[%emt 00:01:03]} Rh8 {[%clk 00:18:03]} {[%emt 00:01:06]} 26. Rd6 {[%clk
01:16:38]} {[%emt 00:01:03]} Kf6 {[%clk 00:16:21]} {[%emt 00:02:13]} 27. Kf1
{[%clk 01:14:23]} {[%emt 00:02:46]} 1/2-1/2